| 000 | 00661nam a22001337a 4500 | ||
|---|---|---|---|
| 040 | _cRUA | ||
| 082 | _aAGR PHA 2021 B1-570 Or. | ||
| 100 | _aPHANN YI ផាត់ យី | ||
| 245 | _aUTILIZATION OF DIFFERENT RATES OF COMPOST ON EGGPLAN IN THMORKOL DISTRICTT ការប្រើប្រាស់កប៉ុស្តិ៍គោកក្នុងកម្រិតខុសគ្នាលើដំណាំត្រប់វែងនៅស្រុកថ្មគោល | ||
| 260 |
_aPHNOM PENH _bRUA _c2021 |
||
| 300 |
_aIX.27P _bVII. _c29CM |
||
| 856 | _uhttps://drive.google.com/file/d/1cAbAxRMIPh0vrj2493AAvONqqeZy9inI/view?usp=sharing | ||
| 942 | _cAGR | ||
| 999 |
_c22723 _d22723 |
||